Statistics for Biggest Cities in Tanzania

Click here to take the quiz!

General Stats

  • This quiz has been taken 8 times
  • The average score is 3 of 10

Answer Stats

PopulationUrban Area% Correct
5,465,400Dar es Salaam
100%
2,264,500Dodoma
100%
3,123,000Mwanza
38%
3,019,400Mbeya
25%
2,236,100Tanga
25%
2,342,300Kigoma
13%
2,437,400Morogoro
13%
2,576,100Tabora
13%
1,932,200Gieta
0%
2,789,600Kagera
0%

Score Distribution

Percentile by Number Answered

Percent of People with Each Score

Your Score History

You have not taken this quiz